Normal view
MARC view
- الدباغ ، سالم محمود عبدالله
Entry Personal Name
001 - CONTROL NUMBER
- control field: 37468
003 - CONTROL NUMBER IDENTIFIER
- control field: JO-AjAnu
005 - DATE AND TIME OF LATEST TRANSACTION
- control field: 20230606080240.0
008 - FIXED-LENGTH DATA ELEMENTS
- fixed length control field: 230606|| aca||aabn | a|a d
040 ## - CATALOGING SOURCE
- Original cataloging agency: JO-AjAnu
- Transcribing agency: JO-AjAnu
100 ## - HEADING--PERSONAL NAME
- Personal name: الدباغ ، سالم محمود عبدالله
670 ## - SOURCE DATA FOUND
- Source citation: Work cat.: (JO-AjAnu)19226: الدباغ ، سالم محمود عبدالله , author, مبادئ وطرق الاستكشاف الجيو كيميائي للرواسب الخام